Evaluación de Proyectos / Gabriel Baca Urbina (Registro nro. 26146)
[ vista simple ]
| 000 -LÍDER | |
|---|---|
| fixed length control field | 00454nam a2200145 4500 |
| 020 ## - NÚMERO INTERNACIONAL NORMALIZADO PARA LIBROS | |
| ISBN | 978-607-15-0260-5 |
| 050 ## - SIGNATURA TOPOGRAFICA DE LA BIBLIOTECA DEL CONGRESO (LC) | |
| Número de Clasificación | HC28 B116 2010 |
| 082 ## - NUMERO DE CLASIFICACION DECIMAL DEWEY | |
| Número de Clasificación | 658.404 B113e |
| 100 ## - ASIENTO PRINCIPAL--NOMBRE PERSONAL | |
| Nombre personal | Baca Urbina, Gabriel |
| 245 ## - TÍTULO | |
| Título | Evaluación de Proyectos / Gabriel Baca Urbina |
| 250 ## - MENCIÓN DE EDICIÓN | |
| Mención de edición | 6 |
| 260 ## - PUBLICACIÓN, DISTRIBUCIÓN, ETC. (PIE DE IMPRENTA) | |
| Lugar de publicación, distribución, etc. | México : McGraw-Hill |
| 300 ## - DESCRIPCIÓN FÍSICA | |
| Extensión | xii, 318 p. / 27 cm. |
| 650 ## - ASIENTO SECUNDARIO DE MATERIA - TERMINO TEMÁTICO | |
| Término temático o nombre geográfico como elemento de entrada | 1. EVALUACIÓN DE PROYECTOS / 2. PROYECTOS INDUSTRIALES / 3. PROYECTOS DE DESARROLLO ECONOMICO |
| No. biblioteca | No. biblioteca | Número de clasificación | Código de barras/Número de adquisición | Número de copia | Tipo de material |
|---|---|---|---|---|---|
| ÁREA DE CIVIL | LUIS G. INCLAN | 658.404 B113e | 50505 | 7 | Libros |
| ÁREA DE CIVIL | ÁREA DE CIVIL | 658.404 B113e | 50054 | 1 | Libros |
| ÁREA DE CIVIL | ÁREA DE CIVIL | 658.404 B113e | 50227 | 2 | Libros |
| ÁREA DE CIVIL | ÁREA DE CIVIL | 658.404 B113e | 50326 | 3 | Libros |
| ÁREA DE CIVIL | ÁREA DE CIVIL | 658.404 B113e | 50327 | 4 | Libros |
| ÁREA DE CIVIL | ÁREA DE CIVIL | 658.404 B113e | 50328 | 5 | Libros |
| ÁREA DE CIVIL | ÁREA DE CIVIL | 658.404 B113e | 50329 | 6 | Libros |
| ÁREA DE CIVIL | ÁREA DE CIVIL | 658.404 B113e | 50506 | 8 | Libros |
| ÁREA DE INDUSTRIAL | ÁREA DE INDUSTRIAL | 658.404 B113e | 50554 | 9 | Libros |
| ÁREA DE INDUSTRIAL | ÁREA DE INDUSTRIAL | 658.404 B113e | 50555 | 10 | Libros |
| ÁREA DE INDUSTRIAL | ÁREA DE INDUSTRIAL | 658.404 B113e | 50556 | 11 | Libros |
| ÁREA DE INDUSTRIAL | ÁREA DE INDUSTRIAL | 658.404 B113e | 50557 | 12 | Libros |
| ÁREA DE INDUSTRIAL | ÁREA DE INDUSTRIAL | 658.404 B113e | 50558 | 13 | Libros |
